00545nam a2200169Ia 4500003000400000008004100004020001500045040000800060100001600068245009600084260003700180300000700217901002000224942001200244952010200256999001700358LDD181029s9999 xx 000 0 und d a812080726X cLDD aCowell, E.B 4aThe Jataka or stories of the Buddha's former birthsbtranslated from the pali bcE.B Cowell aDelhibMotilal Banarsidassc1985 a2v a314b12-03-1996 2ddccBK 00102ddc4070939358aLDDbLDDd2018-11-01l0o294.382 J318p022679r2018-11-01w2018-11-01yBK c39359d39359